Modal testing : theory and practice (Record no. 65552)

000 -LEADER
fixed length control field 00498nam a22001937a 4500
003 - CONTROL NUMBER IDENTIFIER
control field NUST - PNEC
005 - DATE AND TIME OF LATEST TRANSACTION
control field 20170116180919.0
008 - FIXED-LENGTH DATA ELEMENTS--GENERAL INFORMATION
fixed length control field 150904b xxu||||| |||| 00| 0 eng d
020 ## - INTERNATIONAL STANDARD BOOK NUMBER
International Standard Book Number 0863800173
020 ## - INTERNATIONAL STANDARD BOOK NUMBER
International Standard Book Number 0863800173
020 ## - INTERNATIONAL STANDARD BOOK NUMBER
International Standard Book Number 0471904724
040 ## - CATALOGING SOURCE
Transcribing agency LIBRARY
082 ## - DEWEY DECIMAL CLASSIFICATION NUMBER
Classification number 624.176 EWI
100 ## - MAIN ENTRY--PERSONAL NAME
9 (RLIN) 7632
Personal name Ewins, D. J.
245 ## - TITLE STATEMENT
Title Modal testing : theory and practice
Statement of responsibility, etc. D. J. Ewins
260 ## - PUBLICATION, DISTRIBUTION, ETC.
Date of publication, distribution, etc. c.1984
650 ## - SUBJECT ADDED ENTRY--TOPICAL TERM
9 (RLIN) 7636
Topical term or geographic name entry element Vibrations- Mathematical Modals
General subdivision ME
942 ## - ADDED ENTRY ELEMENTS (KOHA)
Source of classification or shelving scheme
Koha item type Book
Holdings
Withdrawn status Lost status Source of classification or shelving scheme Damaged status Not for loan Permanent Location Current Location Shelving location Date acquired Total Checkouts Full call number Barcode Date last seen Price effective from Koha item type
          Pakistan Navy Engineering College (PNEC) Pakistan Navy Engineering College (PNEC)       624.176 EWI PNECLIB-015453 09/04/2015   Book
          Pakistan Navy Engineering College (PNEC) Pakistan Navy Engineering College (PNEC)       624.176 EWI PNECLIB-015454 10/05/2015   Book
          Pakistan Navy Engineering College (PNEC) Pakistan Navy Engineering College (PNEC)   10/06/2015   624.176 EWI PNECLIB-015455 10/06/2015   Book
          Pakistan Navy Engineering College (PNEC) Pakistan Navy Engineering College (PNEC)       624.176 EWI PNECLIB-015451 10/27/2015   Book
          Pakistan Navy Engineering College (PNEC) Pakistan Navy Engineering College (PNEC)   11/09/2015   624.176 EWI PNECLIB-015452 11/09/2015   Book
© 2023 Central Library, National University of Sciences and Technology. All Rights Reserved.